000
00288nam a2200109Ia 4500
001
1263862
005
20260417141927.0
008
260417s9999 xx 000 0 und d
020
_a
9786257014793
245
0
_a
Copernicus, Kant ve Düşüncenin Modernliği
260
_b
Ketebe Yayınları
999
_c
1263862
_d
1263862